Normal view
MARC view
- إعداد ناصر، إسكندري الفوزي موسى ناصر ؛ اشراف ابراهيم احمد الزعبي
Entry Personal Name
001 - CONTROL NUMBER
- control field: 40854
003 - CONTROL NUMBER IDENTIFIER
- control field: JO-AjAnu
005 - DATE AND TIME OF LATEST TRANSACTION
- control field: 20230606080803.0
008 - FIXED-LENGTH DATA ELEMENTS
- fixed length control field: 230606|| aca||aabn | a|a d
040 ## - CATALOGING SOURCE
- Original cataloging agency: JO-AjAnu
- Transcribing agency: JO-AjAnu
100 ## - HEADING--PERSONAL NAME
- Personal name: إعداد ناصر، إسكندري الفوزي موسى ناصر ؛ اشراف ابراهيم احمد الزعبي
670 ## - SOURCE DATA FOUND
- Source citation: Work cat.: (JO-AjAnu)20939: إعداد ناصر، إسكندري الفوزي موسى ناصر ؛ اشراف ابراهيم احمد الزعبي, author, أساليب التربية الأخلاقية في الطريقة الشاذلية اليشرطية ومدى مراعاة معلمي المرحلة الثانوية لها في جزر القمر المتحدة